LEADER 00875nam a22002411i 4500 001 991000715519707536 005 20040128080236.0 008 040220s1946 it |||||||||||||||||ita 035 $ab12659617-39ule_inst 035 $aARCHE-065795$9ExL 040 $aDip.to Scienze pedagogiche$bita$cA.t.i. Arché s.c.r.l. Pandora Sicilia s.r.l. 082 04$a243 100 1 $aGnocchi, Carlo$0482721 245 10$aRestaurazione della persona umana /$cCarlo Gnocchi 250 $a4. ed. 260 $aBrescia :$bLa scuola,$c[1946?] 300 $a218 p. ;$c21 cm 907 $a.b12659617$b02-04-14$c17-03-04 912 $a991000715519707536 945 $aLE022 MP 70 A 37$g1$i2022000062787$lle022$o-$pE0.00$q-$rl$s- $t0$u0$v0$w0$x0$y.i13166529$z17-03-04 996 $aRestaurazione della persona umana$9272961 997 $aUNISALENTO 998 $ale022$b17-03-04$cm$da $e-$fita$git $h0$i1 LEADER 01429nas 2200385- 450 001 996496570603316 005 20230929213017.0 035 $a(DE-599)ZDB2586861-5 035 $a(OCoLC)701805628 035 $a(CKB)2670000000046510 035 $a(CONSER)--2012254551 035 $a(EXLCZ)992670000000046510 100 $a20120227a20109999 --- - 101 0 $aeng 135 $aurmnu|||||||| 181 $ctxt$2rdacontent 182 $cc$2rdamedia 183 $acr$2rdacarrier 200 00$aCritical education 210 1$a[Vancouver, BC] :$cInstitute for Critical Education Studies,$d2010- 215 $a1 online resource 300 $aRefereed/Peer-reviewed 311 $a1920-4175 330 $a"Critical Education is an international peer-reviewed journal, which seeks manuscripts that critically examine contemporary education contexts and practices. Critical Education is interested in theoretical and empirical research as well as articles that advance educational practices that challenge the existing state of affairs in society, schools, and informal education." 517 1 $aCE 606 $aEducation$vPeriodicals 606 $aEducation$2fast 608 $aPeriodicals$2fast 615 0$aEducation 615 7$aEducation 712 02$aInstitute for Critical Education Studies, 906 $aJOURNAL 912 $a996496570603316 996 $aCritical education$92597134 997 $aUNISA